000 00467nam a22001812 4500
001 0000000961
005 20151217155806.0
008 070222s xx 000 0 eng d
040 _aKABU
_cKABU
050 0 _aDT117
_b.M66
100 1 _aMoorehead, Alan.
_@0000149415
245 1 4 _aThe white Nile.
260 _aLondon :
_bHamish Hamilton,
_c1960.
300 _a385 p.
908 _a070222
950 _@1
999 _c12464
_d12464